01010cam a2200241 a 4500999001500000001000600015003000900021005001700030008004100047020002500088040002800113082001900141245010500160260003700265300003000302504006400332600004900396650004400445700002000489942001200509952011600521952013100637 c3895d389517813BD-DhUAP20200315111235.0200315s2009 nyu b 001 0 eng  a9780393924916 (pbk.) aDLCcDLCdBD-DhUAPbEng002232a821.7 KEA00aKeats's poetry and prose :bauthoritative texts, criticism /cselected and edited by Jeffrey N. Cox. aNew York :bW.W. Norton,cc2009. axxii, 673 pages ;c24 cm. aIncludes bibliographical references (p. 661-665) and index.10aKeats, John,d1795-1821xCriticism, Textual. 0aEnglish literaturexCriticism, Textual.1 aCox, Jeffrey N. 2ddccBK 00102ddc4070aUAPCLbUAPCLcGeneral Stacksd2020-03-15o821.7 KEAp3010017813r2020-03-15t1w2020-03-15yBK 00102ddc4070aUAPCLbUAPCLcGeneral Stacksd2020-03-15l1o821.7 KEAp3010017814r2024-10-09s2024-09-19t2w2020-03-15yBK